Visualizzazione normale
Vista MARC
- Società San Paolo
di Corporate Name
Records bibliografici associati: 1
001 - CONTROL NUMBER
- control field: 36306
003 - CONTROL NUMBER IDENTIFIER
- control field: IT-RoPau
005 - DATE AND TIME OF LATEST TRANSACTION
- control field: 20151019224923.0
008 - FIXED-LENGTH DATA ELEMENTS
- fixed length control field: 151019|| aca||aabn | a|a d
040 ## - CATALOGING SOURCE
- Original cataloging agency: IT-RoPau
- Transcribing agency: IT-RoPau
110 ## - HEADING--CORPORATE NAME
- Corporate name or jurisdiction name as entry element: Società San Paolo
670 ## - SOURCE DATA FOUND
- Source citation: Work cat.: (IT-RoPau)36655: Ratio Formationis della Società San Paolo. Bozza Intercapitolare. Roma, dicembre 1988